Costa Rica (1800-1850): el legado colonial y la génesis del capitalismo (Registro nro. 5767)
[ vista simple ]
| 000 -Cabecera | |
|---|---|
| Campo de control de longitud fija | 01124ata a2200397 4500 |
| 005 - Fecha y hora de la última transacción | |
| Campo de control | 20231024133828.0 |
| 008 - Elementos de longitud fija--Información general | |
| Campo de control de longitud fija | 150519b2002 xxu||||| |||| 00| 0 spa d |
| 020 ## - International Standard Book Number | |
| Número Internacional Estándar del Libro (ISBN) | 977671524 |
| 041 ## - Idioma | |
| Código de idioma | Español |
| 082 ## - Clasificación Decimal Dewey | |
| Número de clasificación | 330.972.86 M722c |
| 100 ## - Entrada principal--Autor personal | |
| Nombre personal | Molina Jiménez, Ivan |
| 9 (RLIN) | 7816 |
| 245 ## - Título propiamente dicho | |
| Título | Costa Rica (1800-1850): el legado colonial y la génesis del capitalismo |
| 260 ## - Pie de imprenta | |
| Lugar de publicación, distribución, etc. | Costa Rica |
| 260 ## - Pie de imprenta | |
| Nombre del editor, distribuidor, etc. | Universidad de Costa Rica |
| 260 ## - Pie de imprenta | |
| Fecha de publicación, distribución, etc. | 2002 |
| 300 ## - Descripción física | |
| Extensión | 420 páginas |
| 650 ## - Materia general | |
| Temática (materia general) | COSTA RICA |
| 650 ## - Materia general | |
| Temática (materia general) | CONDICIONES ECONÓMICAS |
| 650 ## - Materia general | |
| Temática (materia general) | HISTORIA |
| 650 ## - Materia general | |
| Temática (materia general) | AGRICULTURA |
| 650 ## - Materia general | |
| Temática (materia general) | GANADERÍA |
| 650 ## - Materia general | |
| Temática (materia general) | ARTESANIA |
| 650 ## - Materia general | |
| Temática (materia general) | ASPECTOS ECONÓMICOS |
| 650 ## - Materia general | |
| Temática (materia general) | ECONOMÍA COLONIAL |
| 650 ## - Materia general | |
| Temática (materia general) | ESTRUCTURA PRODUCTIVA |
| 650 ## - Materia general | |
| Temática (materia general) | CRECIMIENTO ECONÓMICO |
| 650 ## - Materia general | |
| Temática (materia general) | COMERCIO EXTERIOR |
| 650 ## - Materia general | |
| Temática (materia general) | MERCADO INTERNO |
| 650 ## - Materia general | |
| Temática (materia general) | COMERCIANTES |
| 650 ## - Materia general | |
| Temática (materia general) | CAMPESINOS |
| 650 ## - Materia general | |
| Temática (materia general) | CAPITALISMO |
| 650 ## - Materia general | |
| Temática (materia general) | CAFÉ |
| 650 ## - Materia general | |
| Temática (materia general) | CRECIMIENTO DEMOGRÁFICO |
| 650 ## - Materia general | |
| Temática (materia general) | CAPITALIZACIÓN AGRARIA |
| 942 ## - Punto de acceso adicional KOHA | |
| Tipo de ítem KOHA | Libro |
| Fuente del sistema de clasificación o colocación | Dewey Decimal Classification |
| Signatura completa | Código de barras | Tipo de ítem |
|---|---|---|
| 330.972.86 M722c | 14728 | Libro |